Unit 5 AP euro - Statistics

General Stats
  • This quiz has been taken 36 times
  • The average score is 4 of 9
Answer Stats
Hint Answer % Correct
A French emperor and military commander who rose to prominence during the French Revolution and led successful campaigns during the Revolutionary Wars(short) Napoleon Bonaparte
88%
A time of social and political upheaval in France and its colonies that began in 1789 and ended in 179 French revolution
72%
A rebellion from the 13 colonies in America eventually becoming a war with Britain for independence American Revolution
68%
A period of the French Revolution with many massacres and public executions Reign of Terror
56%
Emphasized emotion, imagination, and individuality as a reaction against the rationalism and order of the Enlightenment and Scientific Revolution Romanticism
52%
Met in 1814-1815 to re-establish the European order and essentially “undo” the French Revolution Congress of Vienna
36%
French Colony rebelled under leader Toussaint Louverture and created the 1 and only successful slave revolt in history becoming an independent nation. Haitian Revolution
24%
(French) all men are born and remain free and equal in rights Declaration of the Rights of Man and Citizen
20%
Different classes of France made up of Clergy>Nobility>Commoners Three Estates
16%
No matching quizzes found
Score Distribution
Percent of People with Each Score
Percentile by Number Answered
Your Score History
You have not taken this quiz